| 000 | 01246nam a22003497a 4500 | ||
|---|---|---|---|
| 003 | CHAP | ||
| 005 | 20250613133228.0 | ||
| 008 | 000522d1999 mx r 00110 spa d | ||
| 010 | _a81222 | ||
| 011 | _a82194 | ||
| 035 | _a92681 | ||
| 040 | _cCHAP | ||
| 090 | _aTesis | ||
| 100 | 0 | 0 |
_aLeyva de la Cruz, Edibel. _966571 |
| 245 | 1 | 0 |
_aInducción floral en piña (Ananas comosus L. Merr) en Huimanguillo, Tabasco _c/por Edibel Leyva de la Cruz |
| 260 |
_aChapingo, Méx. : _bEl autor, _c1999. |
||
| 300 | _a86 h. | ||
| 502 | _aTesis (Ing. Agr. Esp. en Zonas Tropicales) -- UACH. Centro Regional Universitario del Sureste | ||
| 590 |
_aALEPH _b10 _c20130110 _lUCH01 _h1435 |
||
| 590 |
_aBATCH-UPD _b10 _c20130110 _lUCH01 _h0734 |
||
| 590 |
_aBATCH-UPD _b10 _c20130410 _lUCH01 _h0417 |
||
| 590 |
_aBATCH-UPD _b10 _c20130914 _lUCH01 _h1915 |
||
| 590 |
_aCONVERSION _b10 _c20130109 _lUCH01 _h1345 |
||
| 650 | 1 | 4 |
_aAcido cloroetilfosfonico 2. _9578 |
| 650 | 1 | 7 |
_aPiña (Ananas comosus) _xFloración _2 _988400 |
| 650 | 1 | 7 |
_aPiña (Ananas comosus) _zTabasco _2 _988432 |
| 901 | _aBK | ||
| 905 | _aAlejandra Carrasco M. | ||
| 942 | _cFOLL | ||
| 949 |
_bBC _cTES _d33724000753307 _eTS2 _fc.2 _h35016 _i92681 _si |
||
| 949 |
_bBC _cTES _d926811 _eTS1 _h35015 _i92681 _sb |
||
| 999 |
_c81222 _d81222 |
||